[Event "Nuremberg LGA Cup 2nd"]
[Site "Nuremberg"]
[Date "2005.09.09"]
[Round "3.70"]
[White "Schaefer, Ann Kathrin"]
[Black "Rosner, Peter"]
[Result "1/2-1/2"]
[WhiteElo "1066"]
[BlackElo "1448"]
[PlyCount "26"]
[EventDate "2005.09.08"]
[EventType "swiss"]
[EventRounds "7"]
[EventCountry "GER"]
[SourceTitle "EXT 2022"]
[Source "ChessBase"]
[SourceDate "2021.10.06"]
[SourceVersion "1"]
[SourceVersionDate "2021.10.06"]
[SourceQuality "1"]

1. d4 Nf6 2. Nf3 e6 3. e3 d5 4. Bd3 Be7 5. Nbd2 0-0 6. 0-0 Nbd7 7. c3 h6 8. Re1 c5 9. e4 dxe4 10. Nxe4 Nxe4 11. Bxe4 Nf6 12. Bc2 Qc7 13. Ne5 c4 1/2-1/2